| 000 | 01408nam a2200301 c 4500 | ||
|---|---|---|---|
| 003 | BLK | ||
| 005 | 20180422094702.0 | ||
| 008 | 180413b bul|||||r ||||||| ||bul|| | ||
| 010 | _aKNG00017384000 | ||
| 040 | _aBLK | ||
| 041 |
_aBUL _cBUL |
||
| 080 |
_aСоциална география. Икономическа география. География на туризма _b338:91 _x(075.8) _z338:91(075.8) |
||
| 100 | 1 |
_aСлавев, Славчо Йорданов _eпърви автор _9245058 |
|
| 700 | 1 |
_aЛичев, Тихомир _eсъавт. _9364562 |
|
| 139 |
_aСлавев, Славчо Йорданов и др. _bС 42 |
||
| 245 | 1 | 0 |
_aИкономическа география _bКратък курс : [За студентите от Стоп. акад. Д. А. Ценов - Свищов] _cСлавчо Йорданов Славев; съавт. Тихомир Личев. |
| 250 | _a2. изд | ||
| 260 |
_аСвищов _bАкад. изд. Д. А. Ценов _c1996 |
||
| 300 |
_a275 с. _bс табл., сх., диагр. _c21 см |
||
| 500 | _aИзд. на Стоп. акад. Д. А. Ценов - Свищов ; 1 500 тир | ||
| 650 | 4 |
_aИкономическа география - учебници за ВУЗ _9245059 |
|
| 653 | _aгеография | ||
| 852 | _aЦб 189664 | ||
| 856 | 4 |
_qpdf _u |
|
| 856 | 4 |
_qpdf _u |
|
| 942 |
_cKNG _n0 |
||
| 944 |
_aCR _c15.01.2003 _kAB_DOS |
||
| 944 |
_aED _c15.01.2003 _k |
||
| 999 |
_c15591 _d15591 |
||